| 000 | 01182nas a2200337 4500 | ||
|---|---|---|---|
| 001 | BR2015006542 | ||
| 003 | BR-BrBNA | ||
| 005 | 20231205125920.0 | ||
| 007 | ta | ||
| 008 | 230509b bl.|||p| |||| 00| 00por d | ||
| 040 |
_aBR-BrBNA _bpor _cBiblioteca Nacional de Agricultura |
||
| 041 | _a(Pt) | ||
| 072 | _aK50 | ||
| 100 | 1 | _aChipaia, F. da S. | |
| 100 | 1 | _aReis, A.R.S. | |
| 100 | 1 | _aReis, L.P. | |
| 100 | 1 | _aCarvalho, J.C. de | |
| 100 | 1 | _aSilva, E.F.R. da | |
| 245 | 1 | _aDescrição anatômica macroscópica de madeira de oito espécies florestais comercializadas no município de Altamira-PA | |
| 246 | 1 | _aDescription anatomical macroscopic wood forest species of eigth market in the municipality of Altamira-PA | |
| 650 | _aMADEIRA | ||
| 650 | _aANALISE COMPARATIVA | ||
| 650 | _aESTRUTURA VEGETAL | ||
| 650 | _aANATOMIA VEGETAL | ||
| 650 | _aMORFOLOGIA VEGETAL | ||
| 650 | _aMERCADO | ||
| 773 | 0 |
_tJournal of Bioenergy and Food Science (Brazil) _xISSN 2359-2710 _g(2015), v. 2(1) p. 18-24 _wBR2015006542 |
|
| 856 | 4 | 0 | _uhttp://periodicos.ifap.edu.br/index.php/JBFS/article/view/14/33 |
| 909 |
_a202311 _bLúcia _c55 _dLúcia Elande |
||
| 942 |
_2AGRIS _n0 _cANA |
||
| 999 |
_c246866 _d246866 |
||